ბათუმის შოთა რუსთაველის სახელმწიფო უნივერსიტეტის ბიბლიოთეკა

საბავშვო ლექსები და პოემები / (ბიბ.ჩანაწერი № 39338)

000 -ლიდერი
ფიქსირებული სიგრძის საკონტროლო ველი 00934nam a2200205Ia 4500
001 - საკონტროლო ნომერი
საკონტროლო ველი 5924
003 - საკონტროლო ნომრის იდენტიფიკატორი
საკონტროლო ველი GE_BSU
005 - ბოლო ოპერაციის თარიღი და დრო
საკონტროლო ველი 20190823120632.0
008 - ფიქსირებული სიგრძის მონაცემთა ელემენტები - ზოგადი ინფორმაცია
ფიქსირებული სიგრძის საკონტროლო ველი 181216s1953||||ge |||||||||||||| ||geo||
040 ## - კატალოგიზაციის წყარო
Transcribing agency GE_BSU
041 ## - ენის კოდი
Language code of text/sound track or separate title geo
080 ## - უნივერსალური ათობითი კლასიფიკაციის ინდექსი
Universal Decimal Classification number 82-93:821.353.1-1 ა-13
100 ## - მთავარი ჩანაწერი - პიროვნების სახელი
Personal name აბაშიძე, ირაკლი
9 (RLIN) 3740
245 ## - ცნობა სათაურის შესახებ
Title საბავშვო ლექსები და პოემები /
Statement of responsibility, etc ირაკლი აბაშიძე ; რედ. ა. გაბესკირია.
264 ## - წარმოების, გამოცემის, დისტრიბუციის და სხვა ცნობები
გამოცემის, წარმოების, დისტრიბუციის... ადგილი თბილისი :
გამოცემის, წარმოების, დისტრიბუციის... სახელწოდება საბავშვო და ახალგაზრდობის ლიტ. სახელმწიფო გამ-ბა ;
გამოცემის, წარმოების, დისტრიბუციის... თარიღი 1953.
300 ## - ფიზიკური აღწერა
Extent 259 გვ.;
Dimensions 20 სმ.
653 ## - INDEX TERM--UNCONTROLLED
Uncontrolled term საბავშვო ლექსები და პოემები
700 ## - ADDED ENTRY--PERSONAL NAME
Personal name გაბესკირია, ა.
Relator term რედაქტორი
9 (RLIN) 3757
942 ## - ADDED ENTRY ELEMENTS (KOHA)
Koha item type წიგნი
Source of classification or shelving scheme
ეგზემპლარები
ჩამოწერის სტატუსი დაკარგული ეგზემპლარის სტატუსი კლასიფიკაციის წყარო ან თაროზე გაწყობის სქემა დაზიანების სტატუსი არ გაიცემა მუდმივი მდებარეობა (დაცვის ადგილი) ამჟამინდელი ადგილსამყოფელი თაროზე განთავსების ადგილი შეძენის თარიღი ღირებულება, შესყიდვის ნორმალური ფასი სრული შენახვის შიფრი შტრიხკოდი ბოლო ოპერაციის თარიღი ეგზემპლარის მიმდევრობითი ნომერი (კეტერი?) ფასის ძალაში შესვლის თარიღი ეგზემპლარის სახეობა საჯარო შენიშვნა
          ბათუმის შოთა რუსთაველის სახელმწიფო უნივერსიტეტის მთავარი ბიბლიოთეკა ბათუმის შოთა რუსთაველის სახელმწიფო უნივერსიტეტის მთავარი ბიბლიოთეკა წიგნსაცავი 2018-12-17 12.40 82-93:821.353.1-1 ა-13 13557 2018-12-17 13557 2018-12-17 წიგნი 12.40 ლ.
          ბათუმის შოთა რუსთაველის სახელმწიფო უნივერსიტეტის მთავარი ბიბლიოთეკა ბათუმის შოთა რუსთაველის სახელმწიფო უნივერსიტეტის მთავარი ბიბლიოთეკა წიგნსაცავი 2018-12-17 12.40 82-93:821.353.1-1 ა-13 13558 2018-12-17 13558 2018-12-17 წიგნი 12.40 ლ.
          ბათუმის შოთა რუსთაველის სახელმწიფო უნივერსიტეტის მთავარი ბიბლიოთეკა ბათუმის შოთა რუსთაველის სახელმწიფო უნივერსიტეტის მთავარი ბიბლიოთეკა წიგნსაცავი 2018-12-17 12.40 82-93:821.353.1-1 ა-13 13559 2018-12-17 13559 2018-12-17 წიგნი 12.40 ლ.
          ბათუმის შოთა რუსთაველის სახელმწიფო უნივერსიტეტის მთავარი ბიბლიოთეკა ბათუმის შოთა რუსთაველის სახელმწიფო უნივერსიტეტის მთავარი ბიბლიოთეკა წიგნსაცავი 2018-12-17 12.40 82-93:821.353.1-1 ა-13 13560 2018-12-17 13560 2018-12-17 წიგნი 12.40 ლ.